| 000 | 00776nam a2200265 a 4500 | ||
|---|---|---|---|
| 001 | 74380 | ||
| 003 | BD-RjUL | ||
| 005 | 20211209082538.0 | ||
| 008 | 180808s2008 ii afd|| b||| 00| 0 eng d | ||
| 020 |
_a8185375860 _c:Tk. 2994.00 |
||
| 035 | _a(BD-RjUL)74598 | ||
| 040 |
_aBD-RjUL _beng _cBD-RjUL |
||
| 041 | _aeng | ||
| 082 |
_223 _a639.2 _bFIS 2008 |
||
| 245 |
_aFisheries Biotechnology / _cedited by W.S. Lakra... [et.-al] |
||
| 260 |
_aDelhi : _bNarendra Pub. , _c2008 |
||
| 300 |
_aXv , 240 p. : _bill. ; _c25 cm |
||
| 504 | _aIncludes bibliographical references | ||
| 650 |
_aMarine biotechnology _9222225 |
||
| 650 |
_aFisheries _9222226 |
||
| 700 |
_aAbidi, S.A.H. _988391 |
||
| 700 |
_aMukhergy, S.C. _9222227 |
||
| 700 |
_aAyyappan, S _9222228 |
||
| 942 |
_2ddc _cBK |
||
| 999 |
_c74380 _d74380 |
||